| 000 | 00946cam a2200313 i 4500 | ||
|---|---|---|---|
| 999 |
_c200447822 _d66034 |
||
| 001 | 200447822 | ||
| 003 | TR-AnTOB | ||
| 005 | 20240111153553.0 | ||
| 007 | ta | ||
| 008 | 900525s1984 sz 000 0 eng d | ||
| 035 | _a(TR-AnTOB)200447822 | ||
| 040 |
_aTR-AnTOB _beng _erda _cTR-AnTOB |
||
| 041 | 0 | _aeng | |
| 050 | 1 | 4 |
_aHF294 _b.R65 1984 |
| 090 |
_aTOBBK HF294 _b.R65 1984 |
||
| 245 | 0 | 0 | _aThe Role of chambers of commerce in trade facilitation. |
| 250 | _a2nd ed. | ||
| 264 | 1 |
_aGeneva : _bInternational Trade Centre UNCTAD/GATT, _c1984. |
|
| 300 |
_a49 pages ; _c30 cm |
||
| 336 |
_atext _btxt _2rdacontent |
||
| 337 |
_aunmediated _bn _2rdamedia |
||
| 338 |
_avolume _bnc _2rdacarrier |
||
| 650 | 0 |
_aBoards of trade _9130182 |
|
| 710 | 2 |
_aInternational Trade Centre UNCTAD/GATT _941419 |
|
| 740 | _aDaily telegraphy (London, England). | ||
| 942 |
_2z _cBK |
||